000 00416nam a2200169 a 4500
001 0000-9315
003 ELIB.Books
008 110520 1997
035 _a(ELIB.Books)0000-9467
082 _a232
_bSpu
100 _aSpurgeon, Charles
245 _aWhen Christ returns
260 _bU.S.A.: Whitaker House
_c1997
650 _aJesus Christ
942 _2ddc
_cBK
998 _cbat
_e2011-05-20
999 _c9315
_d9315